000 00291nam a22001337a 4500
008 170609b xxu||||| |||| 00| 0 eng d
020 _a9780156014106
041 _aeng
080 _a322
100 _a19
101 _aSHP
245 _aDEMOCRACY DERAILED
_cBRODER.D.S
942 _2udc
_cBK
999 _c16625
_d16625